000 00602ntaaa2200193 4500
003 01
005 20251027202818.0
008 0714s1973 ag 01
040 _aAR-BaBN
_bspa
_cAR-BaBN
_eaacr
_dRIC
082 _a912.0000 At6a
100 _aArgentina Instituto Geográfico Militar
_928502
245 _aAtlas de la República Argentino
250 _a3 ed.
260 _aBuenos Aires :
_bEjército Argentino. Instituto Geográfico Militar,
_c1987
300 _a81 p ;
_c23 cm
500 _aContiene referencias bibliográficas, glosario.
650 _aArgentina-atlas geografico
_928503
942 _cBK
999 _c23465
_d23465